000 00673nam a22002537a 4500
001 BR3100031
003 BR-BrBNA
005 20230928082845.0
007 ta
008 230509b bl.||||| |||| 00| 0 por d
040 _aBR-BrBNA
_bpor
_cBiblioteca Nacional de Agricultura
041 _a(Por)
072 _aE15
090 _ E15 BR3100031
100 1 _aBritto, J.S.
245 1 _aLimite do capital - Accao do socio da Sociedade Cooperativa, limite de juro da accao
260 3 _aRio de Janeiro, GB (Brasil):
_c1931.
300 _a26 p.
650 _aCOOPERATIVA
650 _aCAPITAL
650 _aSOCIO
909 _a202309
_bLucia
_c55
_dLucia Elande
942 _cBK
999 _c10299
_d10299